| 000 | 00859nam a22002177a 4500 | ||
|---|---|---|---|
| 999 |
_c1710 _d1710 |
||
| 003 | AR-CdUCM | ||
| 008 | 190227b ||||| |||| 00| 0 spa d | ||
| 020 | _a9786124544606 | ||
| 040 |
_aMUNICIPALIDAD PROVINCIAL DEL CUSCO _cBIBLIOTECA MUNICIPAL DEL CUSCO |
||
| 082 |
_a001.4225 / _bC14 |
||
| 100 |
_aCáceres Huambo, B. Nicolás _96325 |
||
| 245 | _aAnálisis de datos y diseños experimentales aplicados en investigación / | ||
| 260 |
_aCusco : _bUnsaac; _c2009. |
||
| 300 |
_a349 paginas ; _c20 cm. |
||
| 505 | _aLa estadística y el método científico -- Medidas de tendencia central -- Combinaciones lineales y modelos lineales -- Herramientas estadísticas -- Análisis de regresión ... | ||
| 650 |
_aProblemas e hipótesis _96326 |
||
| 650 |
_aVariables _96327 |
||
| 650 |
_aEstadisticas _94614 |
||
| 942 |
_2ddc _cLIBROS |
||
| 945 |
_arum _d2019-02-27 |
||